[Event "K41 Aabent Mesterskab 2010-2011"]
[Site "Valby"]
[Date "2011.01.08"]
[Round "5"]
[White "Nielsen, Soren Skovso"]
[Black "Karup, Jesper"]
[Result "0-1"]
[WhiteElo "1641"]
[BlackElo "1774"]
[PlyCount "54"]
[EventDate "2010.??.??"]

1. e4 e6 2. Nf3 d5 3. exd5 exd5 4. d4 Bd6 5. c4 Nf6 6. Nc3 O-O 7. c5 Re8+ 8.
Be2 Be7 9. O-O Nbd7 10. Qc2 Nf8 11. Ne5 Bxc5 12. Nxf7 Kxf7 13. dxc5 Ne6 14. Nd1
Nd4 15. Qd3 Nxe2+ 16. Kh1 Nxc1 17. Rxc1 c6 18. Nc3 Ne4 19. Ne2 Bf5 20. Nd4 Bg6
21. Qd1 Qa5 22. a3 Kg8 23. f4 Qd2 24. Qa4 Nf2+ 25. Kg1 Qe3 26. Rxf2 Qxc1+ 27.
Rf1 Re1 0-1

[Event "K41 Aabent Mesterskab 2010-2011"]
[Site "Valby"]
[Date "2011.01.04"]
[Round "5"]
[White "Sandbech, Ted"]
[Black "Wadtland, Flemming"]
[Result "1-0"]
[WhiteElo "1589"]
[BlackElo "1324"]
[PlyCount "99"]
[EventDate "2010.??.??"]

1. Nf3 c5 2. e4 Nc6 3. d4 cxd4 4. Nxd4 e6 5. Nxc6 bxc6 6. Bd3 Bb7 7. O-O Qc7 8.
Qf3 Ne7 9. Bf4 e5 10. Bg5 Qd6 11. Nc3 f6 12. Be3 Ng6 13. Rfd1 Qc7 14. Qh5 O-O-O
15. a4 Nf4 16. Qf3 Nxd3 17. cxd3 d5 18. exd5 cxd5 19. Bxa7 d4 20. Qh3+ Qd7 21.
Qxd7+ Rxd7 22. Nb5 Ba6 23. Rdc1+ Kb7 24. Bc5 Bxb5 25. axb5 Bxc5 26. Rxc5 Ra8
27. Rxa8 Kxa8 28. g3 Kb7 29. Kg2 Kb6 30. b4 Rc7 31. Rd5 Rc3 32. Rd7 Kxb5 33.
Rb7+ Ka4 34. b5 Rxd3 35. b6 Kb5 36. Rxg7 Kxb6 37. Rxh7 e4 38. Rh6 Rf3 39. Rh4
f5 40. Kf1 d3 41. Rf4 Rxf4 42. gxf4 Kc5 43. h4 Kd5 44. h5 d2 45. Ke2 d1=Q+ 46.
Kxd1 Ke6 47. Ke2 Kf6 48. f3 Kg7 49. fxe4 fxe4 50. Ke3 1-0

[Event "K41 Aabent Mesterskab 2010-2011"]
[Site "Valby"]
[Date "2011.01.04"]
[Round "5"]
[White "Truelsen, Ole Illum"]
[Black "Hojland, Ulrik"]
[Result "1-0"]
[WhiteElo "1761"]
[BlackElo "1813"]
[PlyCount "55"]
[EventDate "2010.??.??"]

1. c4 Nf6 2. Nc3 g6 3. e4 d6 4. d4 Bg7 5. Be2 O-O 6. Bg5 e5 7. dxe5 dxe5 8.
Qxd8 Rxd8 9. Nd5 Nbd7 10. Rd1 Rf8 11. Nxc7 Rb8 12. f3 Nc5 13. Nh3 Ne8 14. Nb5
f6 15. Be3 b6 16. Nf2 a6 17. Nc3 f5 18. b4 f4 19. Bxc5 bxc5 20. b5 Nc7 21. O-O
Ne6 22. Rb1 Nd4 23. Bd3 g5 24. Na4 axb5 25. cxb5 Be6 26. Nxc5 Bxa2 27. Rb2 Rfc8
28. Na6 1-0

[Event "K41 Aabent Mesterskab 2010-2011"]
[Site "Valby"]
[Date "2011.01.11"]
[Round "6"]
[White "Brondum, Eric"]
[Black "Abildgaard, Kenneth"]
[Result "1-0"]
[WhiteElo "2028"]
[BlackElo "1939"]
[PlyCount "105"]
[EventDate "2010.??.??"]

1. e4 e5 2. Nf3 Nf6 3. Nxe5 d6 4. Nf3 Nxe4 5. d4 d5 6. Bd3 Bg4 7. O-O Be7 8.
Nbd2 Ng5 9. Be2 Ne6 10. Re1 O-O 11. Nf1 Nc6 12. c3 Bd6 13. Ng3 Nf4 14. Bxf4
Bxf4 15. h3 Be6 16. Bd3 Ne7 17. Ne5 Qc8 18. Qf3 Ng6 19. Qh5 Bh6 20. Nf5 Bxf5
21. Bxf5 Qd8 22. g3 Qg5 23. Qxg5 Bxg5 24. h4 Bh6 25. Ng4 Rfe8 26. Nxh6+ gxh6
27. Bd7 Re7 28. Rxe7 Nxe7 29. Re1 Kf8 30. Bb5 Rd8 31. Bd3 f5 32. Re5 f4 33.
Bxh7 fxg3 34. fxg3 Kf7 35. Kg2 Rd6 36. Bd3 Kf6 37. g4 Rb6 38. Re2 Ng6 39. Kg3
Nh8 40. Kf4 Nf7 41. Rg2 c6 42. g5+ hxg5+ 43. hxg5+ Nxg5 44. Rxg5 Rxb2 45. Rg6+
Kf7 46. Rh6 Ke7 47. Ke5 a5 48. Rh7+ Ke8 49. Kd6 a4 50. Re7+ Kf8 51. Re2 a3 52.
Rxb2 axb2 53. Kc7 1-0

[Event "K41 Aabent Mesterskab 2010-2011"]
[Site "Valby"]
[Date "2011.01.11"]
[Round "6"]
[White "Christensen, Aage Niels"]
[Black "Eiholt, Bjarne"]
[Result "1-0"]
[WhiteElo "1461"]
[BlackElo "1516"]
[PlyCount "75"]
[EventDate "2010.??.??"]

1. e4 c6 2. d4 d5 3. Nc3 dxe4 4. Nxe4 Bf5 5. Ng3 Bg6 6. h4 h6 7. h5 Bh7 8. Nf3
Nd7 9. Bd3 Bxd3 10. Qxd3 Ngf6 11. O-O e6 12. Bd2 Bd6 13. Ne4 Nxe4 14. Qxe4 Nf6
15. Qh4 Qc7 16. Rfe1 O-O 17. Bxh6 Be7 18. Bg5 Nd5 19. h6 Bxg5 20. Qxg5 f6 21.
Qxg7+ Qxg7 22. hxg7 Kxg7 23. Rxe6 Kf7 24. Rae1 Rg8 25. g3 Rae8 26. Rxe8 Rxe8
27. Rxe8 Kxe8 28. a3 a5 29. Nd2 a4 30. Ne4 Ke7 31. Nc3 Nb6 32. g4 Kf7 33. Kg2
Nc4 34. Nxa4 b5 35. Nc5 Nxb2 36. Kg3 Nc4 37. a4 b4 38. Nb3 1-0

[Event "K41 Aabent Mesterskab 2010-2011"]
[Site "Valby"]
[Date "2011.01.11"]
[Round "6"]
[White "Ertbjerg, Per"]
[Black "Nielsen, John Holm"]
[Result "1-0"]
[WhiteElo "1925"]
[BlackElo "2019"]
[PlyCount "73"]
[EventDate "2010.??.??"]

1. d4 d5 2. c4 c6 3. Nf3 Nf6 4. Nc3 dxc4 5. a4 Bf5 6. e3 e6 7. Bxc4 Be7 8. O-O
O-O 9. Qe2 Nbd7 10. Rd1 Qc7 11. e4 Bg4 12. h3 Bh5 13. Bg5 e5 14. d5 Nb6 15. Bb3
Bxf3 16. Qxf3 Rad8 17. a5 Nc8 18. dxc6 bxc6 19. Bd2 Rd4 20. Be3 Rb4 21. Ba4
Rxb2 22. Rdc1 Nd6 23. Nd5 Nxd5 24. exd5 Qxa5 25. Bxc6 Ra2 26. Rxa2 Qxa2 27. Qg4
f5 28. Qd1 Nc4 29. d6 Bxd6 30. Bd5+ Kh8 31. Bxc4 Qa3 32. Ra1 Qb4 33. Ra4 Qb8
34. Bxa7 Qc7 35. Be3 f4 36. Bd2 Rd8 37. Ba5 1-0

[Event "K41 Aabent Mesterskab 2010-2011"]
[Site "Valby"]
[Date "2011.01.11"]
[Round "6"]
[White "Hansen, Rasmus Agertoft"]
[Black "Jorgensen, Rasmus"]
[Result "0-1"]
[WhiteElo "1832"]
[BlackElo "2075"]
[PlyCount "74"]
[EventDate "2010.??.??"]

1. d4 Nf6 2. c4 g6 3. Nc3 Bg7 4. e4 d6 5. Nf3 O-O 6. Be2 e5 7. d5 Na6 8. Bg5 h6
9. Bh4 g5 10. Bg3 Nxe4 11. Nxe4 f5 12. Nc3 f4 13. Ne4 fxg3 14. hxg3 Bf5 15.
Nfd2 Nc5 16. Nxc5 dxc5 17. Qb3 e4 18. Rc1 Rf6 19. Qe3 Qe7 20. Nb3 b6 21. Rd1 a5
22. Na1 Rd6 23. b3 a4 24. Nc2 Bf6 25. g4 Bh7 26. Kf1 Be5 27. g3 axb3 28. axb3
Rf6 29. Kg2 Ra2 30. Rd2 Rxc2 31. Rxc2 Bd4 32. Qc1 Rxf2+ 33. Kh3 e3 34. Rh2
Rxh2+ 35. Kxh2 Qf6 36. Kh3 Qf2 37. Qh1 Be5 0-1

[Event "K41 Aabent Mesterskab 2010-2011"]
[Site "Valby"]
[Date "2011.01.11"]
[Round "6"]
[White "Ibsen, Johan"]
[Black "Morkore, Thomas"]
[Result "0-1"]
[WhiteElo "1610"]
[BlackElo "1897"]
[PlyCount "68"]
[EventDate "2010.??.??"]

1. e4 e6 2. d4 d5 3. exd5 exd5 4. Nc3 c6 5. Bf4 Bd6 6. Bxd6 Qxd6 7. Bd3 Ne7 8.
Qf3 Nd7 9. Nge2 Nf6 10. h3 Ng6 11. O-O Be6 12. Rfe1 O-O 13. Nd1 Rae8 14. Ne3
Ne4 15. Bxe4 dxe4 16. Qg3 Qe7 17. b3 f5 18. Nf4 Nxf4 19. Qxf4 Qf6 20. Rad1 g5
21. Qd6 Rd8 22. Qb4 Rf7 23. Nc4 Rxd4 24. Rxd4 Qxd4 25. c3 Qg7 26. Nd6 Rd7 27.
Qc5 Qe7 28. Rd1 Bd5 29. c4 Qxd6 30. Qxd6 Rxd6 31. cxd5 Rxd5 32. Rc1 Kf7 33. Kf1
Ke6 34. Ke2 f4 0-1

[Event "K41 Aabent Mesterskab 2010-2011"]
[Site "Valby"]
[Date "2011.01.11"]
[Round "6"]
[White "Jorgensen, Kasper Moller"]
[Black "Truelsen, Ole Illum"]
[Result "1/2-1/2"]
[WhiteElo "2049"]
[BlackElo "1761"]
[PlyCount "44"]
[EventDate "2010.??.??"]

1. e4 e6 2. d4 d5 3. Nd2 Nf6 4. e5 Nfd7 5. Bd3 c5 6. c3 Nc6 7. Ne2 Qb6 8. Nf3
cxd4 9. cxd4 Bb4+ 10. Bd2 O-O 11. Nc3 f6 12. Qc2 f5 13. a3 Be7 14. Be3 Qd8 15.
h4 Nb6 16. g4 g6 17. h5 g5 18. gxf5 exf5 19. Ne2 Kh8 20. Bd2 g4 21. Nfg1 Bg5
22. f4 Bh4+ 1/2-1/2

[Event "K41 Aabent Mesterskab 2010-2011"]
[Site "Valby"]
[Date "2011.01.11"]
[Round "6"]
[White "Karup, Jesper"]
[Black "Andreassen, Mikkel"]
[Result "1/2-1/2"]
[WhiteElo "1774"]
[BlackElo "1726"]
[PlyCount "75"]
[EventDate "2010.??.??"]

1. e4 e5 2. Bc4 Nf6 3. d3 Bc5 4. Nc3 Nc6 5. f4 d6 6. f5 h6 7. Na4 a6 8. Nxc5
dxc5 9. Be3 b6 10. a3 Bb7 11. Nf3 Qe7 12. h3 O-O-O 13. Qe2 Kb8 14. O-O-O Ne8
15. g4 Nd6 16. Ba2 Nd4 17. Nxd4 cxd4 18. Bd2 c5 19. Rdg1 f6 20. h4 Rc8 21. g5
hxg5 22. hxg5 Rxh1 23. Rxh1 c4 24. gxf6 gxf6 25. Bb4 c3 26. bxc3 dxc3 27. Be6
Rc7 28. Rh8+ Ka7 29. Qg4 a5 30. Bxd6 Qxd6 31. Qg8 Qxa3+ 32. Kd1 b5 33. Qb8+ Kb6
34. Rd8 Qe7 35. Bd5 Kc5 36. Re8 Qg7 37. Rg8 Qe7 38. Re8 1/2-1/2

[Event "K41 Aabent Mesterskab 2010-2011"]
[Site "Valby"]
[Date "2011.01.11"]
[Round "6"]
[White "Krogh, Soren"]
[Black "Nielsen, Soren Skovso"]
[Result "0-1"]
[WhiteElo "1274"]
[BlackElo "1641"]
[PlyCount "98"]
[EventDate "2010.??.??"]

1. c4 Nf6 2. Nc3 e5 3. Nf3 Nc6 4. d3 Bb4 5. Bg5 h6 6. Bh4 O-O 7. e3 Be7 8. Be2
a6 9. O-O d5 10. cxd5 Nxd5 11. Bg3 Bb4 12. Qb3 Nxc3 13. bxc3 Bd6 14. Rad1 Qe7
15. d4 e4 16. Nd2 Kh8 17. c4 b6 18. Rfe1 Bxg3 19. hxg3 Bf5 20. Nf1 Nb8 21. d5
Nd7 22. Rd2 Nc5 23. Qb2 Rad8 24. Red1 Rd6 25. Rd4 Rfd8 26. Nh2 Bg6 27. a3 f5
28. Qa1 Nb3 29. Qc3 Nxd4 30. exd4 Qf6 31. a4 c5 32. Bf1 a5 33. f4 Be8 34. Qa1
cxd4 35. Rxd4 Bxa4 36. c5 Rxd5 37. Rxa4 Qc6 38. Ra2 Qxc5+ 39. Kh1 Rd1 40. Qe5
Qc8 41. g4 fxg4 42. Qxe4 g3 43. Rc2 Qb8 44. Nf3 Rxf1+ 45. Ng1 Rxf4 46. Qe2 Qb7
47. Qh5 Qe4 48. Re2 Rh4+ 49. Nh3 Rd1+ 0-1

[Event "K41 Aabent Mesterskab 2010-2011"]
[Site "Valby"]
[Date "2011.01.11"]
[Round "6"]
[White "Moller, Arne Vagn"]
[Black "Sandbech, Ted"]
[Result "1-0"]
[WhiteElo "1793"]
[BlackElo "1589"]
[PlyCount "61"]
[EventDate "2010.??.??"]

1. e4 d5 2. exd5 Qxd5 3. Nc3 Qa5 4. d4 c6 5. Bd2 Qc7 6. Bd3 Nf6 7. Nge2 Bg4 8.
f3 Bh5 9. Bf4 Qa5 10. O-O e6 11. a3 Nd5 12. Nxd5 Qxd5 13. c4 Qd8 14. Qb3 Qc8
15. Ng3 Bg6 16. Rfe1 Bxd3 17. Qxd3 Be7 18. d5 cxd5 19. cxd5 Qd7 20. d6 Bf6 21.
Rac1 Nc6 22. b4 a6 23. Ne4 Bd4+ 24. Kh1 Ba7 25. Rc5 O-O 26. Rh5 f5 27. Ng5 h6
28. Nxe6 Rae8 29. Rxf5 Rxe6 30. Rxf8+ Kxf8 31. Qf5+ 1-0

[Event "K41 Aabent Mesterskab 2010-2011"]
[Site "Valby"]
[Date "2011.01.11"]
[Round "6"]
[White "Nielsen, Michael"]
[Black "Nicolaisen, Jeppe"]
[Result "0-1"]
[WhiteElo "2062"]
[BlackElo "2004"]
[PlyCount "80"]
[EventDate "2010.??.??"]

1. d4 Nf6 2. Bg5 e6 3. e3 d5 4. Bd3 c5 5. c3 Nc6 6. Nf3 cxd4 7. exd4 Be7 8. O-O
O-O 9. Nbd2 b6 10. Re1 Bb7 11. Nf1 h6 12. Bh4 Ne4 13. Bg3 Nxg3 14. Nxg3 Bd6 15.
Ne5 Bxe5 16. dxe5 Qg5 17. Nh5 g6 18. Nf6+ Kg7 19. h4 Qxh4 20. Ng4 Qg5 21. Qf3
h5 22. Qf6+ Qxf6 23. Nxf6 Nxe5 24. Nxh5+ gxh5 25. Rxe5 Rh8 26. Rae1 Rag8 27.
R1e3 Kf6 28. f4 d4 29. Re2 dxc3 30. bxc3 Rg3 31. R5e3 Rhg8 32. Rxg3 Rxg3 33.
Rd2 h4 34. Kh2 Bxg2 35. f5 exf5 36. Bb5 Be4 37. Rd6+ Ke5 38. Rh6 Rg2+ 39. Kh3
Rxa2 40. c4 Ra1 0-1

[Event "K41 Aabent Mesterskab 2010-2011"]
[Site "Valby"]
[Date "2011.01.11"]
[Round "6"]
[White "Porte, Henrik"]
[Black "Christensen, Esben"]
[Result "1-0"]
[WhiteElo "2105"]
[BlackElo "2018"]
[PlyCount "95"]
[EventDate "2010.??.??"]

1. d4 Nf6 2. c4 c5 3. d5 b5 4. cxb5 a6 5. b6 g6 6. Nc3 d6 7. Nf3 Bg7 8. e4 Nbd7
9. a4 a5 10. Bb5 O-O 11. Nd2 Nxb6 12. O-O Bd7 13. Qe2 e6 14. dxe6 Bxe6 15. Rd1
d5 16. exd5 Nfxd5 17. Nde4 Qc7 18. Nxd5 Bxd5 19. Nc3 Bc6 20. Be3 Rfe8 21. Qc2
Nd7 22. Bxc6 Qxc6 23. Nb5 Re6 24. Rac1 Rb8 25. Qd2 Rb7 26. b3 Qb6 27. h3 Bf8
28. Qd3 Re5 29. Qc4 Nf6 30. Rd3 Rd7 31. Rxd7 Nxd7 32. Bf4 Rf5 33. Bc7 Qf6 34.
Qc3 Ne5 35. Re1 Nc6 36. Qxf6 Rxf6 37. Re8 Kg7 38. Nc3 Rf5 39. Bb6 Nd4 40. Bxa5
Nxb3 41. Bb6 c4 42. Rc8 Bc5 43. a5 Bd4 44. Rxc4 Bxc3 45. a6 Bd4 46. Rxd4 Nxd4
47. a7 Ne2+ 48. Kh2 1-0

[Event "K41 Aabent Mesterskab 2010-2011"]
[Site "Valby"]
[Date "2011.01.11"]
[Round "6"]
[White "Sorensen, Dick"]
[Black "Kokholm, Daniel"]
[Result "0-1"]
[WhiteElo "1917"]
[BlackElo "1808"]
[PlyCount "44"]
[EventDate "2010.??.??"]

1. d4 Nc6 2. Nf3 d5 3. Bf4 Bg4 4. e3 e6 5. Be2 Bd6 6. Bxd6 cxd6 7. O-O Nf6 8.
Nbd2 O-O 9. c4 dxc4 10. Nxc4 b5 11. Ncd2 Qb6 12. h3 Bh5 13. a4 b4 14. Nc4 Qd8
15. a5 Rb8 16. Qa4 Qd7 17. a6 Rfc8 18. Rac1 Nxd4 19. Qxd7 Nxe2+ 20. Kh2 Nxd7
21. Rc2 Bg6 22. Rxe2 Bd3 0-1

[Event "K41 Aabent Mesterskab 2010-2011"]
[Site "Valby"]
[Date "2011.01.11"]
[Round "6"]
[White "Wadtland, Flemming"]
[Black "Stanislaus, Johann"]
[Result "1/2-1/2"]
[WhiteElo "1324"]
[BlackElo "1591"]
[PlyCount "100"]
[EventDate "2010.??.??"]

1. Nf3 d5 2. d4 Nf6 3. g3 g6 4. Bf4 Nc6 5. c4 e6 6. cxd5 exd5 7. Nc3 a6 8. Bg2
Bg7 9. O-O O-O 10. h4 Nh5 11. Be3 f5 12. Ng5 Nf6 13. Bf4 h6 14. Nh3 Ne4 15. Qb3
Nxd4 16. Qxd5+ Qxd5 17. Nxd5 Nxe2+ 18. Kh1 Nxf4 19. Nhxf4 g5 20. Nxc7 Rb8 21.
hxg5 hxg5 22. Nfe6 Rf7 23. Nxg7 Rxc7 24. Bxe4 fxe4 25. Ne8 Rh7+ 26. Kg1 Kf8 27.
Nd6 Be6 28. Nxe4 Bd5 29. f3 Ke7 30. Rae1 Bxe4 31. Rxe4+ Kf6 32. Rd1 Rbh8 33.
Rd6+ Kf7 34. Rd7+ Kf6 35. Rxh7 Rxh7 36. a4 a5 37. b4 b6 38. Rd4 Ke5 39. Re4+
Kf5 40. g4+ Kf6 41. Rc4 Ke5 42. bxa5 bxa5 43. Rc5+ Kf4 44. Rxa5 Kxf3 45. Rxg5
Kf4 46. Rb5 Kxg4 47. a5 Ra7 48. Kf2 Kf4 49. Ke2 Ke4 50. Kd2 Kd4 1/2-1/2

[Event "K41 Aabent Mesterskab 2010-2011"]
[Site "Valby"]
[Date "2011.02.14"]
[Round "7"]
[White "Abildgaard, Kenneth"]
[Black "Karup, Jesper"]
[Result "1-0"]
[WhiteElo "1939"]
[BlackElo "1774"]
[PlyCount "81"]
[EventDate "2010.??.??"]

1. d4 e6 2. Nf3 d5 3. c4 Bb4+ 4. Nc3 Nf6 5. Bd2 O-O 6. c5 Nbd7 7. Qa4 Bxc3 8.
Bxc3 Ne4 9. Bb4 c6 10. Nd2 Nxd2 11. Bxd2 e5 12. g3 Qe7 13. Be3 f5 14. dxe5 Nxe5
15. O-O-O Bd7 16. Qd4 Ng4 17. Bf4 Rfe8 18. h3 Ne5 19. Bg2 Kh8 20. Rhe1 b6 21.
b4 Nc4 22. e4 bxc5 23. bxc5 fxe4 24. Bxe4 Be6 25. Bd3 Qf7 26. g4 Na5 27. Re5
Nb7 28. Rh5 Kg8 29. Bxh7+ Kf8 30. Bf5 Qe7 31. Re1 Qxc5+ 32. Qxc5+ Nxc5 33. Bd6+
Kf7 34. Bxc5 g6 35. Bxe6+ Rxe6 36. Rxe6 Kxe6 37. Rh7 a5 38. f4 Kf6 39. Rd7 Re8
40. Bd4+ Ke6 41. Rg7 1-0

[Event "K41 Aabent Mesterskab 2010-2011"]
[Site "Valby"]
[Date "2011.02.01"]
[Round "7"]
[White "Andreassen, Mikkel"]
[Black "Hansen, Rasmus Agertoft"]
[Result "1-0"]
[WhiteElo "1726"]
[BlackElo "1832"]
[PlyCount "117"]
[EventDate "2010.??.??"]

1. d4 d5 2. c4 c6 3. Nf3 e6 4. e3 Nf6 5. b3 Nbd7 6. Bb2 Bb4+ 7. Nbd2 Ne4 8. a3
Bd6 9. Bd3 f5 10. Ne5 O-O 11. Ndf3 Qa5+ 12. Nd2 Bxe5 13. dxe5 Ndc5 14. Bc2 Qc7
15. b4 dxc4 16. Nxc4 Rd8 17. Qe2 b5 18. Nd6 Na4 19. Bxa4 bxa4 20. Nxe4 fxe4 21.
Bd4 a5 22. Qc2 axb4 23. axb4 Bb7 24. O-O Ba6 25. Rfc1 Rdb8 26. Qxe4 Rxb4 27.
Rxc6 Qb7 28. Qc2 Rb8 29. h3 Bd3 30. Qc5 Rc4 31. Rb6 Qxb6 32. Qxb6 Rxb6 33. Bxb6
Rb4 34. Bd4 Kf7 35. f3 Ke8 36. Kf2 Kd7 37. Ke1 Kc6 38. Kd2 Bc4 39. Bc3 Rb7 40.
Rxa4 Bf1 41. Rg4 g6 42. Ke1 Rb1+ 43. Kf2 Bd3 44. Rd4 Rd1 45. Rd6+ Kc7 46. Ba5+
Kc8 47. Rxe6 Ra1 48. Re8+ Kb7 49. Bc3 Ra2+ 50. Kg3 Bf1 51. Re7+ Kc6 52. Rxh7
Rxg2+ 53. Kf4 Kd5 54. h4 Be2 55. Rf7 Rh2 56. Be1 Rh1 57. e4+ Ke6 58. Rf6+ Kd7
59. Bf2 1-0

[Event "K41 Aabent Mesterskab 2010-2011"]
[Site "Valby"]
[Date "2011.01.25"]
[Round "7"]
[White "Brondum, Eric"]
[Black "Porte, Henrik"]
[Result "1/2-1/2"]
[WhiteElo "2028"]
[BlackElo "2105"]
[PlyCount "73"]
[EventDate "2010.??.??"]

1. e4 c6 2. d4 d5 3. e5 Bf5 4. Nf3 e6 5. Be2 c5 6. Be3 cxd4 7. Nxd4 Ne7 8. c3
Nbc6 9. f4 Bg6 10. Nd2 Nf5 11. Nxf5 Bxf5 12. O-O h5 13. Nf3 Be7 14. Qa4 O-O 15.
Rfd1 Qc7 16. Rac1 Rfd8 17. b4 a6 18. Qb3 b5 19. a4 Qb7 20. Ra1 Be4 21. axb5
axb5 22. Nd4 Nxd4 23. Bxd4 g6 24. Qb2 Rxa1 25. Rxa1 Qc6 26. Ra5 Rb8 27. Qa2 Bd8
28. Ra6 Bb6 29. Kf1 Qc7 30. Bxb6 Rxb6 31. Qa5 Rb7 32. Qxc7 Rxc7 33. Ra3 d4 34.
cxd4 Rc1+ 35. Kf2 Rb1 36. Bxb5 Rxb4 37. Be2 1/2-1/2

[Event "K41 Aabent Mesterskab 2010-2011"]
[Site "Valby"]
[Date "2011.01.25"]
[Round "7"]
[White "Eiholt, Bjarne"]
[Black "Gjelstrup, Ole"]
[Result "1/2-1/2"]
[WhiteElo "1516"]
[BlackElo "1551"]
[PlyCount "38"]
[EventDate "2010.??.??"]

1. d4 d5 2. c4 e6 3. Nc3 c5 4. cxd5 cxd4 5. Qxd4 Nc6 6. Qd1 exd5 7. Nf3 Nf6 8.
Bg5 Bb4 9. e3 Be6 10. Be2 O-O 11. O-O Bxc3 12. bxc3 h6 13. Bh4 g5 14. Bg3 Ne4
15. Rc1 Rc8 16. Be5 Nxe5 17. Nxe5 Nxc3 18. Qd2 Nxe2+ 19. Qxe2 Qf6 1/2-1/2

[Event "K41 Aabent Mesterskab 2010-2011"]
[Site "Valby"]
[Date "2011.01.25"]
[Round "7"]
[White "Ertbjerg, Per"]
[Black "Nielsen, Michael"]
[Result "1/2-1/2"]
[WhiteElo "1925"]
[BlackElo "2062"]
[PlyCount "89"]
[EventDate "2010.??.??"]

1. d4 Nf6 2. c4 c5 3. d5 b5 4. cxb5 a6 5. b6 d6 6. Nc3 g6 7. Nf3 Nbd7 8. e4
Nxb6 9. Nd2 Bg7 10. Be2 O-O 11. O-O e6 12. dxe6 Bxe6 13. a4 d5 14. a5 d4 15.
axb6 dxc3 16. b7 cxb2 17. Bxb2 Ra7 18. Bxa6 Qb6 19. Rb1 Qxa6 20. Bxf6 Rxb7 21.
Bxg7 Kxg7 22. Rxb7 Qxb7 23. Qc2 Rc8 24. Nc4 Bxc4 25. Qxc4 Qb4 26. Rc1 Rd8 27.
h3 Rd1+ 28. Kh2 Rxc1 29. Qxc1 Qd4 30. Kg3 c4 31. Kf3 c3 32. Qc2 Kf6 33. g3 h5
34. Ke2 h4 35. gxh4 Ke5 36. f3 Kf4 37. Qc1+ Ke5 38. Qg5+ Ke6 39. Qe3 Qc4+ 40.
Qd3 Qa2+ 41. Kd1 Qb3+ 42. Qc2 Qc4 43. Qe2 Qa4+ 44. Qc2 Qd4+ 45. Ke2 1/2-1/2

[Event "K41 Aabent Mesterskab 2010-2011"]
[Site "Valby"]
[Date "2011.01.25"]
[Round "7"]
[White "Hansen, Jakob"]
[Black "Christensen, Aage Niels"]
[Result "1-0"]
[WhiteElo "1895"]
[BlackElo "1461"]
[PlyCount "43"]
[EventDate "2010.??.??"]

1. e4 e6 2. Nf3 d5 3. e5 c5 4. b4 cxb4 5. d4 Nc6 6. a3 f6 7. axb4 Bxb4+ 8. c3
Be7 9. Bd3 f5 10. h4 Nh6 11. Bxh6 gxh6 12. Qd2 Bf8 13. Na3 a6 14. Nb5 Na5 15.
Nd6+ Bxd6 16. exd6 Nb3 17. Qxh6 Nxa1 18. Qh5+ Kf8 19. Ne5 Qf6 20. g4 fxg4 21.
Bxh7 Kg7 22. Rg1 1-0

[Event "K41 Aabent Mesterskab 2010-2011"]
[Site "Valby"]
[Date "2011.01.25"]
[Round "7"]
[White "Hojland, Ulrik"]
[Black "Rasmussen, Morten(1956)"]
[Result "1/2-1/2"]
[WhiteElo "1813"]
[BlackElo "1707"]
[PlyCount "39"]
[EventDate "2010.??.??"]

1. c4 e5 2. Nc3 Nc6 3. g3 d6 4. Bg2 Nf6 5. d3 Be7 6. Nf3 Be6 7. O-O O-O 8. Rb1
a5 9. a3 d5 10. Ng5 d4 11. Nxe6 fxe6 12. Ne4 Qd7 13. Bd2 a4 14. b4 axb3 15.
Qxb3 Ra7 16. Bb4 Nxb4 17. axb4 Rfa8 18. Nc5 Bxc5 19. bxc5 c6 20. Rfe1 1/2-1/2

[Event "K41 Aabent Mesterskab 2010-2011"]
[Site "Valby"]
[Date "2011.01.25"]
[Round "7"]
[White "Jorgensen, Rasmus"]
[Black "Sorensen, Dick"]
[Result "1-0"]
[WhiteElo "2075"]
[BlackElo "1917"]
[PlyCount "81"]
[EventDate "2010.??.??"]

1. e4 c5 2. Nf3 e6 3. d4 cxd4 4. Nxd4 a6 5. Nc3 Qc7 6. Bd3 Nf6 7. f4 d6 8. O-O
b5 9. Kh1 Bb7 10. Qe2 Nbd7 11. Bd2 Be7 12. a4 bxa4 13. Nxa4 O-O 14. Bb4 Rfe8
15. c3 Bf8 16. b3 Nc5 17. Nxc5 dxc5 18. Ba5 Qc8 19. Nf3 g6 20. Ne5 Bg7 21. Rad1
Nd7 22. Nc4 Qc6 23. e5 Bf8 24. Rd2 Rac8 25. Qg4 f5 26. Qg3 Be7 27. Be2 Nf8 28.
Nd6 Qd7 29. Rfd1 Bxd6 30. Rxd6 Qe7 31. Bf3 Bxf3 32. Qxf3 c4 33. b4 Qa7 34. h4
Qe7 35. Qf2 Qb7 36. R1d4 Qb5 37. h5 Qa4 38. Rd1 Rc6 39. R6d2 Qb3 40. h6 Qxc3
41. Qa7 1-0

[Event "K41 Aabent Mesterskab 2010-2011"]
[Site "Valby"]
[Date "2011.01.25"]
[Round "7"]
[White "Kokholm, Daniel"]
[Black "Nicolaisen, Jeppe"]
[Result "0-1"]
[WhiteElo "1808"]
[BlackElo "2004"]
[PlyCount "94"]
[EventDate "2010.??.??"]

1. d4 e6 2. e4 d5 3. Be3 dxe4 4. Nd2 Nf6 5. f3 Nd5 6. Qe2 Nc6 7. c3 exf3 8.
Ngxf3 Be7 9. O-O-O b5 10. g3 a5 11. Bg2 Ba6 12. Rdf1 O-O 13. h4 a4 14. Ng5 h6
15. Be4 b4 16. c4 Nxe3 17. Qxe3 Qxd4 18. Qxd4 Nxd4 19. Rxf7 Bxg5 20. Rxf8+ Rxf8
21. hxg5 Ne2+ 22. Kd1 Nxg3 23. Re1 hxg5 24. Bc6 Rd8 25. Kc2 Nf5 26. Bxa4 g4 27.
Kc1 Kf7 28. c5 Bd3 29. Ne4 Bxe4 30. Rxe4 Rd4 31. Re1 g3 32. Bb3 g2 33. Rxe6 Kf8
34. Re1 Ng3 35. Bd1 Nf1 36. Be2 g1=Q 37. Rxf1+ Qxf1+ 38. Bxf1 Rd5 39. Kc2 Rxc5+
40. Kb3 Rc1 41. Bd3 c5 42. a4 bxa3 43. bxa3 Ke7 44. Kb2 Rg1 45. a4 Kd6 46. a5
g5 47. a6 Kc7 0-1

[Event "K41 Aabent Mesterskab 2010-2011"]
[Site "Valby"]
[Date "2011.01.25"]
[Round "7"]
[White "Morkore, Thomas"]
[Black "Jorgensen, Kasper Moller"]
[Result "1/2-1/2"]
[WhiteElo "1897"]
[BlackElo "2049"]
[PlyCount "67"]
[EventDate "2010.??.??"]

1. e4 c5 2. Nf3 Nc6 3. d4 cxd4 4. Nxd4 Nf6 5. Nc3 d6 6. Bc4 e6 7. Be3 Be7 8.
O-O O-O 9. Kh1 a6 10. a4 Qc7 11. Qe2 Nxd4 12. Bxd4 Bd7 13. Bb3 Bc6 14. f3 Rfd8
15. a5 Nd7 16. Qf2 Bf6 17. Bxf6 Nxf6 18. Rfd1 Rac8 19. Na4 Nd7 20. Qd2 Nc5 21.
Nb6 Nxb3 22. cxb3 Rb8 23. Rac1 Qe7 24. Rc4 d5 25. exd5 exd5 26. Rd4 Qe6 27. h3
Kf8 28. Re1 Qd6 29. Nc4 Qc7 30. Nb6 Rd6 31. Qc2 Rg6 32. Nxd5 Qxa5 33. b4 Qb5
34. Nf4 1/2-1/2

[Event "K41 Aabent Mesterskab 2010-2011"]
[Site "Valby"]
[Date "2011.01.25"]
[Round "7"]
[White "Nielsen, John Holm"]
[Black "Moller, Arne Vagn"]
[Result "1/2-1/2"]
[WhiteElo "2019"]
[BlackElo "1793"]
[PlyCount "38"]
[EventDate "2010.??.??"]

1. Nc3 c5 2. d4 cxd4 3. Qxd4 Nc6 4. Qh4 d5 5. e4 dxe4 6. Qxe4 Nf6 7. Qd3 Qxd3
8. Bxd3 Nb4 9. Bb5+ Bd7 10. Bxd7+ Kxd7 11. Kd1 e6 12. a3 Nbd5 13. Nxd5 Nxd5 14.
c4 Nb6 15. b3 Bc5 16. Ne2 Ke7 17. Bg5+ f6 18. Bh4 Bd6 19. Bg3 Bxg3 1/2-1/2

[Event "K41 Aabent Mesterskab 2010-2011"]
[Site "Valby"]
[Date "2011.01.25"]
[Round "7"]
[White "Nielsen, Soren Skovso"]
[Black "Wadtland, Flemming"]
[Result "1-0"]
[WhiteElo "1641"]
[BlackElo "1324"]
[PlyCount "113"]
[EventDate "2010.??.??"]

1. e4 d6 2. Nf3 Nf6 3. Nc3 g6 4. Be2 Bg7 5. d3 c6 6. Bd2 b5 7. Qc1 a5 8. Rb1
Ba6 9. Nd1 Nbd7 10. O-O Nc5 11. e5 Nfd7 12. exd6 exd6 13. Re1 Ne6 14. c3 Rc8
15. d4 d5 16. Bd3 O-O 17. Bh6 Re8 18. Bxg7 Kxg7 19. Ne3 Kh8 20. Ng4 Rc7 21. Qd2
Nf6 22. Nfe5 Nxg4 23. Nxg4 c5 24. dxc5 Nxc5 25. Be2 Re6 26. Rbd1 f6 27. Bf3
Rxe1+ 28. Rxe1 Rd7 29. Qd4 Ne4 30. Bxe4 dxe4 31. Qxf6+ Qxf6 32. Nxf6 Rd2 33.
Rb1 Bb7 34. Ng4 Kg7 35. Ne3 Bd5 36. Rd1 Rxd1+ 37. Nxd1 Bxa2 38. Kf1 Kf6 39. Ke2
Ke5 40. Ne3 Bb3 41. g3 h5 42. h4 Be6 43. Kd2 Bb3 44. Ng2 Kf5 45. Ke3 Bc2 46.
Kd4 Kg4 47. Ne3+ Kf3 48. Nxc2 Kxf2 49. Kxe4 Kxg3 50. Nd4 Kxh4 51. Nxb5 Kg3 52.
Nd4 g5 53. Nf5+ Kf2 54. c4 h4 55. Ne3 Kg3 56. c5 h3 57. c6 1-0